000 00706nam a2200289Ia 4500
005 20260324122302.0
008 008 260324s9999 xx 000 0 eng d
020 _a9780203107362
037 _aEBOOK
040 _aCRL
040 _beng
040 _cCRL
041 _2eng
041 _aeng
084 _qCRL
100 _aRandy Lippert; Kevin Walby
_91165857
245 0 _aPolicing Cities
245 0 _bUrban Securitization and Regulation in a 21st Century World
260 _bTaylor and Francis
260 _c2013
365 _a
365 _b240
856 _uhttp://www.taylorfrancis.com/books/9780203107362
942 _cEBOOK
999 _c1758472
_d1758472